00311nam a2200133Ia 4500008004000000041000800040082001300048100001500061245002200076260004900098650001100147650001100158650000800169210210b1907 xxu||||| |||| 00| 0 eng d aeng a822/1034 aRUSKLN (J) aSesame and lilies aLondonbGeorge Allen and Unwin Limitedc1907 aSesame alilies aand